<?xml version="1.0" encoding="UTF-8"?>
<record
    xmlns:xsi="http://www.w3.org/2001/XMLSchema-instance"
    xsi:schemaLocation="http://www.loc.gov/MARC21/slim http://www.loc.gov/standards/marcxml/schema/MARC21slim.xsd"
    xmlns="http://www.loc.gov/MARC21/slim">

  <leader>03160nam a2200373 a 4500</leader>
  <controlfield tag="001">136467</controlfield>
  <controlfield tag="003">FlNmELB</controlfield>
  <controlfield tag="005">20241217181029.0</controlfield>
  <controlfield tag="006">m     o  d |      </controlfield>
  <controlfield tag="007">cr cn|||||||||</controlfield>
  <controlfield tag="008">130612s2008    cu      s     000 0 spa d</controlfield>
  <datafield tag="020" ind1=" " ind2=" ">
    <subfield code="z">9789591607799</subfield>
  </datafield>
  <datafield tag="035" ind1=" " ind2=" ">
    <subfield code="a">(MiAaPQ)EBC3176361</subfield>
  </datafield>
  <datafield tag="035" ind1=" " ind2=" ">
    <subfield code="a">(Au-PeEL)EBL3176361</subfield>
  </datafield>
  <datafield tag="035" ind1=" " ind2=" ">
    <subfield code="a">(CaPaEBR)ebr10246810</subfield>
  </datafield>
  <datafield tag="035" ind1=" " ind2=" ">
    <subfield code="a">(OCoLC)928753535</subfield>
  </datafield>
  <datafield tag="040" ind1=" " ind2=" ">
    <subfield code="a">FlNmELB</subfield>
    <subfield code="b">spa</subfield>
    <subfield code="c">FlNmELB</subfield>
  </datafield>
  <datafield tag="050" ind1=" " ind2="4">
    <subfield code="a">LC4015</subfield>
    <subfield code="b">C737 2008eb</subfield>
  </datafield>
  <datafield tag="080" ind1=" " ind2=" ">
    <subfield code="a">376</subfield>
  </datafield>
  <datafield tag="100" ind1="1" ind2=" ">
    <subfield code="a">Companioni &#xC1;lvarez, In&#xE9;s.</subfield>
  </datafield>
  <datafield tag="245" ind1="1" ind2="0">
    <subfield code="a">Metodolog&#xED;a de evaluaci&#xF3;n institucional para las escuelas especiales de retraso mental</subfield>
    <subfield code="h">[recurso electronico]</subfield>
    <subfield code="c">In&#xE9;s Companioni &#xC1;lvarez ; tutor, Paul Torres Fern&#xE1;ndez.</subfield>
  </datafield>
  <datafield tag="260" ind1=" " ind2=" ">
    <subfield code="a">Ciudad de la Habana :</subfield>
    <subfield code="b">Editorial Universitaria,</subfield>
    <subfield code="c">2008.</subfield>
  </datafield>
  <datafield tag="300" ind1=" " ind2=" ">
    <subfield code="a">266 p.</subfield>
  </datafield>
  <datafield tag="520" ind1=" " ind2=" ">
    <subfield code="a">La investigaci&#xF3;n surge ante la necesidad de ofrecer respuesta a la problem&#xE1;tica de la Evaluaci&#xF3;n Institucional de las Escuelas Especiales de Retraso Mental. Se requiere del estudio de las premisas te&#xF3;ricas para lograr la contextualizaci&#xF3;n que los diferentes autores nacionales y extranjeros han realizado en este tema y adaptarlos a la especialidad. El objetivo es proponer una metodolog&#xED;a para evaluar las Escuelas Especiales de Retraso Mental, que se apoye en una informaci&#xF3;n v&#xE1;lida y fiable de los procesos educativos que en ella interact&#xFA;an y emplee una cantidad razonable de recursos humanos y materiales. Para lograrlo, se analizaron las variables e instrumentos que aporta la operacionalizaci&#xF3;n del Convenio Andr&#xE9;s Bello y el Centro de Investigaci&#xF3;n y Documentaci&#xF3;n Educativa (CABCIDE). Se escogi&#xF3; la estrategia de corte ex - post - facto aplicando instrumentos en seis municipios de la provincia Ciego de &#xC1;vila. Luego se analizaron los requerimientos para reducir las variables e indicadores que m&#xE1;s se ajustaban a la Escuela Especial de Retraso Mental. Con la tecnolog&#xED;a de un software estad&#xED;stico se obtuvo las variables principales y se cre&#xF3; la metodolog&#xED;a. Finalmente se valid&#xF3; en cuatro municipios de la provincia que no se contemplaron en la muestra. Se logr&#xF3; la correlaci&#xF3;n positiva entre el &#xCD;ndice General de cada centro con el promedio obtenido en las respuestas correctas de Matem&#xE1;tica y Lengua Espa&#xF1;ola. Con los resultados obtenidos se aplic&#xF3; la Encuesta de Factibilidad a los docentes de las diez escuelas representativas de cada municipio, obteni&#xE9;ndose el criterio favorable y positivo de las normas de la Evaluaci&#xF3;n Educativa (utilidad, precisi&#xF3;n, factibilidad y legitimidad) declaradas por el Joint Commitee on Standards for Educational Evaluation.</subfield>
  </datafield>
  <datafield tag="533" ind1=" " ind2=" ">
    <subfield code="a">Recurso electr&#xF3;nico. Santa Fe, Arg.: e-libro, 2015. Disponible v&#xED;a World Wide Web. El acceso puede estar limitado para las bibliotecas afiliadas a e-libro.</subfield>
  </datafield>
  <datafield tag="650" ind1=" " ind2="4">
    <subfield code="a">Educaci&#xF3;n especial.</subfield>
  </datafield>
  <datafield tag="650" ind1=" " ind2="4">
    <subfield code="a">Evaluaci&#xF3;n.</subfield>
  </datafield>
  <datafield tag="650" ind1=" " ind2="4">
    <subfield code="a">Metodolog&#xED;a.</subfield>
  </datafield>
  <datafield tag="650" ind1=" " ind2="0">
    <subfield code="a">Children with disabilities</subfield>
    <subfield code="x">Education.</subfield>
  </datafield>
  <datafield tag="655" ind1=" " ind2="4">
    <subfield code="a">Libros electr&#xF3;nicos.</subfield>
  </datafield>
  <datafield tag="700" ind1="1" ind2=" ">
    <subfield code="a">Torres Fern&#xE1;ndez, Paul,</subfield>
    <subfield code="e">tut.</subfield>
  </datafield>
  <datafield tag="710" ind1="2" ind2=" ">
    <subfield code="a">e-libro, Corp.</subfield>
  </datafield>
  <datafield tag="856" ind1="4" ind2="0">
    <subfield code="u">https://elibro.net/ereader/politecnicointernacional/90037</subfield>
  </datafield>
  <datafield tag="999" ind1=" " ind2=" ">
    <subfield code="c">136467</subfield>
    <subfield code="d">136467</subfield>
  </datafield>
</record>
